Computer Forensics And Cyber Crime (Record no. 354125)

MARC details
000 -LEADER
fixed length control field 00424nam a2200157Ia 4500
008 - FIXED-LENGTH DATA ELEMENTS--GENERAL INFORMATION
fixed length control field 230719s9999 xx 000 0 und d
041 ## - LANGUAGE CODE
Language code of text/sound track or separate title eng
082 ## - DEWEY DECIMAL CLASSIFICATION NUMBER
Classification number 363.25
Item number BRI
100 ## - MAIN ENTRY--PERSONAL NAME
Personal name Britz M.T.
9 (RLIN) 192441
245 ## - TITLE STATEMENT
Title Computer Forensics And Cyber Crime
Remainder of title An Introduction
250 ## - EDITION STATEMENT
Edition statement 2nd ed.
260 ## - PUBLICATION, DISTRIBUTION, ETC. (IMPRINT)
Date of publication, distribution, etc. 2009
Name of publisher, distributor, etc. Prentice Hall
300 ## - PHYSICAL DESCRIPTION
Extent 380
Accompanying material [OBSOLETE, CAN/MARC] Ref 73 IT (39761)
365 ## - TRADE PRICE
Currency code Rs.
Price amount 197.00
700 ## - ADDED ENTRY--PERSONAL NAME
Personal name Britz M.T.
9 (RLIN) 192441
Holdings
Withdrawn status Lost status Damaged status Not for loan Home library Current library Shelving location Date acquired Vendor Cost, normal purchase price Total Checkouts Full call number Barcode Date last seen Date last checked out Cost, replacement price Bill Date Koha item type Original Barcode
        Cummins College of Engineering for Women Pune Cummins College of Engineering for Women Pune Donated Book 11/03/2013 Masurkar Enterprises 197.00 2 363.25 CCEP-DB-330 22/03/2024 08/03/2024 394.00 19/07/2023 Books D00330